| 000 | 01151nam a2200289 i 4500 | ||
|---|---|---|---|
| 001 | 122417 | ||
| 003 | ES-MaACL | ||
| 005 | 20250802062552.0 | ||
| 007 | t| | ||
| 008 | 070214s1966 sp af r ||||1| spa d | ||
| 080 | _a821.134.2 | ||
| 080 | _a821.134.2(7/8) | ||
| 100 | 1 |
_aAlonso, Dámaso, _d1898-1990 _920195 |
|
| 245 | 1 | 0 |
_aPrimavera y flor de la literatura hispánica / _cDámaso Alonso, Eulalia Galvarriato de Alonso y Luis Rosales. |
| 260 |
_aMadrid : _bSelecciones del Reader's Digest, _c1966. |
||
| 300 |
_a4 v. : _bil., lám. ; _c25 cm. |
||
| 505 | 8 | _aContiene: 1-3. Primavera y flor de la literatura española - 4. Primavera y flor de la literatura hispanoamericana | |
| 650 | 7 |
_aLiteratura española _2embne _914539 |
|
| 650 | 7 |
_aLiteratura hispanoamericana _2embne _914602 |
|
| 700 | 1 |
_aGalvarriato, Eulalia, _d1904-1997 _953699 |
|
| 700 | 1 |
_aRosales, Luis, _d1910-1992 _999644 |
|
| 710 | 2 |
_aSelecciones del Reader's Digest. _96545 |
|
| 740 | 0 | 2 | _aPrimavera y flor de la literatura española. |
| 740 | 0 | 2 | _aPrimavera y flor de la literatura hispanoamericana. |
| 852 | 4 |
_aES-MaACL _jC-31050-53 |
|
| 999 |
_c122417 _d122417 |
||